Trainer in VET – Changing Requirements through Digitalisation

Vedomosti trénerov v oblasti digitalizácie a požiadavky na túto profesiu na základe literárnych štúdií, prieskumov a odvodených údajov, ako aj príkladu aktuálnych osvedčených postupov.

Salvato in:
Dettagli Bibliografici
Autore principale: Aufner, Anton, 1956-
Natura: Capitolo di libro
Lingua:inglese
Soggetti:
Tags: Aggiungi Tag
Nessun Tag, puoi essere il primo ad aggiungerne!!

MARC

LEADER 00000naa$a2200000$$$4500
001 0271501
005 20240502074257.0
041 0 |a eng 
044 |a SK 
245 1 0 |a Trainer in VET – Changing Requirements through Digitalisation  |c Anton Aufner 
520 |a Vedomosti trénerov v oblasti digitalizácie a požiadavky na túto profesiu na základe literárnych štúdií, prieskumov a odvodených údajov, ako aj príkladu aktuálnych osvedčených postupov. 
610 2 0 |a digitalizácia 
610 2 0 |a transformácia digitálna 
610 2 0 |a príprava odborná 
610 2 0 |a vzdelávanie 
610 2 0 |a sily pracovné 
100 1 |a Aufner, Anton, 1956-